Vista normal Vista MARC

Entrada Topical Term

Número de registros utilizados en: 17

001 - CONTROL NUMBER

  • control field: 1838

003 - CONTROL NUMBER IDENTIFIER

  • control field: OSt

005 - DATE AND TIME OF LATEST TRANSACTION

  • control field: 20200325124131.0

008 - FIXED-LENGTH DATA ELEMENTS

  • fixed length control field: 200325|| aca||aabn | a|a d

040 ## - CATALOGING SOURCE

  • Original cataloging agency: OSt
  • Transcribing agency: OSt

150 ## - HEADING--TOPICAL TERM

  • Topical term or geographic name entry element: Economía política

670 ## - SOURCE DATA FOUND

  • Source citation: Work cat.: (OSt)5711: Universidad de los Andes. Centro de estudios sobre desarrollo económico 1834, Poder e información : , 1977